Aus dem Strafvollzug an Frauen: (Erfahrungsbericht einer Praktikantin)

Gespeichert in:  
Bibliographische Detailangaben
1. VerfasserIn: Henekels, Heidi (Verfasst von)
Medienart: Druck Aufsatz
Sprache:Deutsch
Veröffentlicht: 1965
In: Zeitschrift für Strafvollzug
Jahr: 1965, Band: 14, Heft: 5, Seiten: 258-269
Bestand in Albert-Krebs Bibliothek:Z.01
1.1950 - 23.1974
Verfügbarkeit prüfen: HBZ Gateway
Schlagwörter:

MARC

LEADER 00000caa a2200000 c 4500
001 163154862X
003 DE-627
005 20250502134307.0
007 tu
008 130402s1965 xx ||||| 00| ||ger c
035 |a (DE-627)163154862X 
035 |a (DE-576)38055741X 
035 |a (DE-599)BSZ38055741X 
040 |a DE-627  |b ger  |c DE-627  |e rakwb 
041 |a ger 
084 |a 2,1  |2 ssgn 
100 1 |a Henekels, Heidi  |4 aut 
245 1 0 |a Aus dem Strafvollzug an Frauen  |b (Erfahrungsbericht einer Praktikantin)  |c Heidi Henekels 
264 1 |c 1965 
336 |a Text  |b txt  |2 rdacontent 
337 |a ohne Hilfsmittel zu benutzen  |b n  |2 rdamedia 
338 |a Band  |b nc  |2 rdacarrier 
773 0 8 |i In  |t Zeitschrift für Strafvollzug  |d Darmstadt : [Verlag nicht ermittelbar], 1950  |g 14(1965), 5, Seite 258-269  |w (DE-627)129458597  |w (DE-600)200238-3  |w (DE-576)014822016  |x 0513-9139  |7 nnas 
773 1 8 |g volume:14  |g year:1965  |g number:5  |g pages:258-269 
935 |a mkri 
951 |a AR 
AKB |a 1.1950 - 23.1974  |b Z.01 
ELC |b 1 
LOK |0 000 xxxxxcx a22 zn 4500 
LOK |0 001 328247895X 
LOK |0 003 DE-627 
LOK |0 004 163154862X 
LOK |0 005 20250623121413 
LOK |0 008 130402||||||||||||||||ger||||||| 
LOK |0 040   |a DE-21-110  |c DE-627  |d DE-21-110 
LOK |0 689   |a s  |a Frauenstrafvollzug 
LOK |0 852   |a DE-21-110 
LOK |0 852 1  |m p  |9 00 
LOK |0 935   |a k110 
LOK |0 938   |k p 
LOK |0 939   |a 02-04-13  |b l01 
LOK |0 000 xxxxxcx a22 zn 4500 
LOK |0 001 4196310184 
LOK |0 003 DE-627 
LOK |0 004 163154862X 
LOK |0 005 20221011151428 
LOK |0 008 221011||||||||||||||||ger||||||| 
LOK |0 035   |a (DE-2619)pk00902 
LOK |0 040   |a DE-2619  |c DE-627  |d DE-2619 
LOK |0 092   |o n 
LOK |0 852   |a DE-2619 
LOK |0 852 1  |m p  |9 00 
LOK |0 935   |a kreb 
LOK |0 938   |k p 
LOK |0 939   |a 11-10-22  |b l01 
ORI |a SA-MARC-krimdoka001.raw